Estatísticas para Os 15 principais países com mortes por Covid19 - 11 de maio 2022

Clique aqui para jogar o quiz

Estatísticas Gerais

  • Esse quiz foi jogado 7 vezes
  • A pontuação média é 16 de 27

Estatísticas das Respostas

país% Correto
Alemanha
100%
Brasil
100%
Estados Unidos
100%
Reino Unido
100%
Rússia
100%
Argentina
86%
França
86%
Índia
86%
México
86%
Bulgária
71%
Irão
71%
Itália
71%
Colômbia
57%
Indonésia
43%
Macedónia do Norte
43%
Peru
43%
Romênia
43%
Bósnia e Herzegovina
29%
Chéquia
29%
Eslováquia
29%
Eslovénia
29%
Geórgia
29%
Hungria
29%
Letónia
29%
Lituânia
29%
Polônia
29%
Croácia
14%

Distribuição das Pontuações

Percentil de Números Respondidos

Porcentagem de Pessoas com Cada Pontuação

Sua Pontuação Histórica

Você não jogou esse quiz